Gaming Quiz

Random Gaming or City Quiz

Pokémon Gym Leader by City Quiz Stats

 Plays Quiz Updated Jun 12, 2019

Score 0/57 Timer 07:00
7 Plays Today
% Correct
Brock
75.6%
Misty
73.2%
Blaine
72.5%
Giovanni
70%
Koga
65.6%
Sabrina
65.5%
Lt. Surge
64.3%
Blue
61.6%
Whitney
61%
Erika
60.6%
Flannery
59.6%
Norman
59.2%
Wallace
59.2%
Clair
57.8%
Brawly
57.1%
Bugsy
56.8%
Tate and Liza
56.7%
Wattson
56.5%
Clemont
56.5%
Roxanne
56.1%
Morty
55.3%
Jasmine
54.8%
Winona
53.8%
Roark
53.1%
Janine
52.3%
Volkner
52.2%
Juan
52%
Cilan
51.9%
Fantina
51.5%
% Correct
Chili
51.4%
Candice
51.3%
Gardenia
50.4%
Chuck
49.4%
Falkner
49.3%
Crasher Wake
49.1%
Elesa
48.9%
Iris
48.1%
Drayden
47.9%
Cress
47.3%
Burgh
45.9%
Pryce
45.5%
Wulfric
44.8%
Lenora
44%
Clay
43.4%
Maylene
43.3%
Marlon
42.1%
Brycen
42.1%
Skyla
41.9%
Byron
41.5%
Roxie
41.3%
Olympia
40.8%
Korrina
39.8%
Viola
37.5%
Grant
37%
Cheren
36.7%
Valerie
35%
Ramos
34.3%

You're not logged in!

Compare scores with friends on all Sporcle quizzes.
OR
Log In

Show Comments

Extras

Top Quizzes Today


Score Distribution

Your Account Isn't Verified!

In order to create a playlist on Sporcle, you need to verify the email address you used during registration. Go to your Sporcle Settings to finish the process.

Report this User

Report this user for behavior that violates our Community Guidelines.

Details: